Πρακτικά 7ου Πανελληνίου Συνεδρίου Μαθηματικής Ανάλυσης = Proceedings of the Greek conference on mathematical analysis 14 - 18 Απριλίου 1999 Λευκωσία - Κύπρος = April14 -18 1999 Nicosia Cyprus
Saved in:
| Corporate Authors: | , |
|---|---|
| Format: | Conference Proceeding Book |
| Language: | Greek |
| Published: |
Λευκωσία :
Πανεπιστήμιο Κύπρου,
1999.
|
| Subjects: | |
| Tags: |
Add Tag
No Tags, Be the first to tag this record!
|
MARC
| LEADER | 00000cam a2200000 a 4500 | ||
|---|---|---|---|
| 001 | 1/117444 | ||
| 008 | 181011s1999####gr | ||| |||| ||gre|| | ||
| 040 | |a GR-MyUa |b gre |c GR-MyUa |e AACR2 | ||
| 041 | 0 | |a gre | |
| 082 | 7 | |a 515.1 |2 (23) | |
| 111 | 2 | |a Πανελλήνιο Συνέδριο Μαθηματικής Ανάλυσης |n (7o : |d 1999 : |c Κύπρος) | |
| 245 | 1 | 0 | |a Πρακτικά 7ου Πανελληνίου Συνεδρίου Μαθηματικής Ανάλυσης = Proceedings of the Greek conference on mathematical analysis / |b 14 - 18 Απριλίου 1999 Λευκωσία - Κύπρος = April14 -18 1999 Nicosia Cyprus / |c οργάνωση Τμήμα Μαθηματικών και Στατιστικής Πανεπιστημίου Κύπρου. |
| 260 | |a Λευκωσία : |b Πανεπιστήμιο Κύπρου, |c 1999. | ||
| 300 | |a 140 σ. ; |c 29 εκ. | ||
| 508 | |a Οργανωτική επιτροπή : Αλέκος Βίδρας, Γεώργιος Γεωργίου, Αλέξανδρος Καραγρηγορίου, Σταμάτης Κουμάντος, Νικος Παπαδάτος. | ||
| 650 | 0 | |a Mathematical analysis |x Congresses. | |
| 710 | 2 | |a Πανεπιστήμιο Κύπρου. | |
| 852 | |a INST |b SAMOS |e 20181025 |h 515.1 ΠΡΑ |p 005300045654 |q 005300045654 |t BK |y 0 | ||
| 970 | |a Γουβάλα |b Βάσω |z 25-10-2018 | ||